Catálogo público

Identificación del agente causal de la pudrición en lechuga (Lactuca sativa L.) / (Record no. 219457)

MARC details
000 -CABECERA
campo de control de longitud fija 02788nam a2200289 a 4500
003 - IDENTIFICADOR DEL NÚMERO DE CONTROL
campo de control OSt
005 - FECHA Y HORA DE LA ÚLTIMA TRANSACCIÓN
campo de control 20260210132415.0
007 - CAMPO FIJO DE DESCRIPCIÓN FÍSICA--INFORMACIÓN GENERAL
campo de control de longitud fija cr ||||||a|c|a
008 - DATOS DE LONGITUD FIJA--INFORMACIÓN GENERAL
campo de control de longitud fija 231128s2019 mx a|||fom||| 001 0 spa d
040 ## - FUENTE DE LA CATALOGACIÓN
Normas de descripción rda
100 1# - ENTRADA PRINCIPAL--NOMBRE DE PERSONA
9 (RLIN) 188314
Nombre de persona Guadalupe García, Yanet
245 10 - MENCIÓN DE TÍTULO
Título Identificación del agente causal de la pudrición en lechuga (Lactuca sativa L.) /
Mención de responsabilidad, etc. por Yanet Guadalupe García : director de tesis Santos Gerardo Leyva Mir.
264 #1 - PRODUCCIÓN, PUBLICACIÓN, DISTRIBUCIÓN, FABRICACIÓN Y COPYRIGHT
Producción, publicación, distribución, fabricación y copyright Chapingo, México :
Nombre del de productor, editor, distribuidor, fabricante El autor,
Fecha de producción, publicación, distribución, fabricación o copyright 2019.
300 ## - DESCRIPCIÓN FÍSICA
Extensión 1 recurso en línea ( 58 páginas):
Otras características físicas figuras, cuadros,
336 ## - TIPO DE CONTENIDO
Fuente rdacontent
Término de tipo de contenido texto
Código de tipo de contenido txt
337 ## - TIPO DE MEDIO
Fuente rdamedia
Nombre/término del tipo de medio computadora
Código del tipo de medio c
338 ## - TIPO DE SOPORTE
Fuente rdacarrier
Nombre/término del tipo de soporte recurso en línea
Código del tipo de soporte cr
502 ## - NOTA DE TESIS
Tipo de título Ingeniero Agrónomo Especialista en Parasitología Agrícola
Nombre de la institución que otorga el título Departamento de Enseñanza, Investigación y Servicio en Parasitología Agrícola,
Año de obtención del título 2019.
Información miscelánea Licenciatura
504 ## - NOTA DE BIBLIOGRAFÍA, ETC.
Nota de bibliografía, etc. Incluye referencias bibliográficas: páginas 46-49.
520 ## - SUMARIO, ETC.
Sumario, etc. El experimento se realizó en el laboratorio de micología del departamento de parasitología agrícola en la Universidad Autónoma Chapingo, con el objetivo de identificar al agente causal de la pudrición en lechuga. Para diseñar una estrategia de manejo de la enfermedad, se requiere conocer el agente causal, su biología, los factores internos y externos que controlan la infección y la expansión de la enfermedad, es por ello que se realizó una identificación del agente causal para tener certeza de que efectivamente se trataba de Sclerotium rolfsii como uno de los agentes que causan pudrición en el cultivo de lechuga y posteriormente dar paso a nuevas investigaciones para su posible manejo. Para que el objetivo se cumpliera se llevaron a cabo diferentes pruebas para la identificación las cuales fueron: pruebas moleculares, morfológicas y patogénicas. Además se evaluaron diferentes productos químicos a una misma concentración los cuales fueron: Benomil (Benlate), Boscalid (Cabrio) , Bacillus subtilis (Serenade), Iprodione (Rovral), Tiabendazol (Tecto) y Clorotalonil (Daconil), todos a una misma dosificación, en las que se midió el crecimiento micelial del hongo, esto se realizó durante los primeros tres días y posteriormente a los quince días, de los cuales se realizó una comparación de los resultados obtenidos, donde se logró apreciar que ciertos productos mostraron resultados diferentes de los primeros tres días a los quince días. Entre los productos que inhibieron el crecimiento micelial del agente causal fueron: Benomil, Clorotalonil y Boscalid.
650 #4 - PUNTO DE ACCESO ADICIONAL DE MATERIA--TÉRMINO DE MATERIA
9 (RLIN) 134415
Término de materia o nombre geográfico como elemento de entrada Lechuga
Subdivisión general Enfermedades por hongos
650 #4 - PUNTO DE ACCESO ADICIONAL DE MATERIA--TÉRMINO DE MATERIA
9 (RLIN) 133270
Término de materia o nombre geográfico como elemento de entrada Sclerotium rolfsii
Subdivisión general Control
650 #4 - PUNTO DE ACCESO ADICIONAL DE MATERIA--TÉRMINO DE MATERIA
9 (RLIN) 44045
Término de materia o nombre geográfico como elemento de entrada Fungicidas
Subdivisión general Análisis
700 1# - PUNTO DE ACCESO ADICIONAL--NOMBRE DE PERSONA
Nombre de persona Leyva Mir, Santos Gerardo
Término indicativo de función/relación Director de tesis.
9 (RLIN) 66581
856 ## - LOCALIZACIÓN Y ACCESO ELECTRÓNICOS
Identificador Uniforme del Recurso http://10.13.5.2/tesis/tl/Guadalupe_Garcia_Yanet.pdf
Nota pública DESCARGAR PDF
942 ## - ELEMENTOS DE PUNTO DE ACCESO ADICIONAL (KOHA)
Fuente del sistema de clasificación o colocación Clasificación Universidad Autónoma Chapingo
Tipo de ítem Koha Tesis digital
Holdings
Estado de retiro Estado de pérdida Fuente del sistema de clasificación o colocación Estado dañado Restricciones de uso No para préstamo Código de colección Localización permanente Ubicación/localización actual Ubicación en estantería Fecha de adquisición Total de préstamos Signatura topográfica completa Fecha visto por última vez Precio válido a partir de Tipo de ítem Koha
    Clasificación Universidad Autónoma de Chapingo   Préstamo interno   Tesis digitales de Licenciatura Biblioteca Digital Biblioteca Digital En línea 28/11/2023   Tesis digital 28/11/2023 28/11/2023 Tesis digital